Zverejniť údaje robí poradcom problémy

Správanie klientov a výrazný pokles produkcie investičného poistenia. Asociácia finančných sprostredkovateľov a poradcov. Zverejňovanie objemových ukazovateľov jednotlivých typov produktov. Dôvody nezverejňovania údajov a obava zo zneužitia. Očakávania účastníkov trhu. Finančné vzdelávanie poradcov.

Guardado en:
Detalles Bibliográficos
Autor principal: Škriniar, Pavel, 1979-
Formato: Capítulo de libro
Lenguaje:eslovaco
Materias:
Etiquetas: Agregar Etiqueta
Sin Etiquetas, Sea el primero en etiquetar este registro!

MARC

LEADER 00000naa$a2200000$$$4500
001 0115860
005 20240502072307.0
041 0 |a slo 
044 |a SK 
245 1 0 |a Zverejniť údaje robí poradcom problémy  |c Pavel Škriniar 
520 |a Správanie klientov a výrazný pokles produkcie investičného poistenia. Asociácia finančných sprostredkovateľov a poradcov. Zverejňovanie objemových ukazovateľov jednotlivých typov produktov. Dôvody nezverejňovania údajov a obava zo zneužitia. Očakávania účastníkov trhu. Finančné vzdelávanie poradcov. 
610 2 0 |a trh finančný 
610 2 0 |a stratégia investičná 
610 2 0 |a rozhodovanie finančné 
610 2 0 |a poradenstvo investičné 
610 2 0 |a informácie dôverné 
610 2 0 |a ukazovatele finančné 
610 2 0 |a poradcovia finanční 
100 1 |a Škriniar, Pavel, 1979-